| 000 | 00564nam a2200181 i 4500 | ||
|---|---|---|---|
| 001 | 28259 | ||
| 003 | ES-MaACL | ||
| 005 | 20230906153816.0 | ||
| 007 | t| | ||
| 008 | 030116s1899 sp ||||1| spa d | ||
| 110 | 2 |
_aSociedad "El Sitio" _96704 |
|
| 245 | 1 | 0 |
_aMemoria de la gestión administrativa de su comisión durante el año 1899 / _c[Luis Baldor]. |
| 260 |
_aBilbao : _b[Sociedad El Sitio], _c1899 ( _fE. Calle) |
||
| 300 |
_a11, [4] p. ; _c21 cm. |
||
| 610 | 2 |
_aSociedad "El Sitio" _96704 |
|
| 700 | 1 |
_aBaldor, Luis. _924897 |
|
| 852 |
_aES-MaACL _jT-934-F-4 |
||
| 999 |
_c28259 _d28259 |
||